| 000 | 00941pam a2200277 a 4500 | ||
|---|---|---|---|
| 001 | 1030 | ||
| 005 | 20250404103420.0 | ||
| 020 |
_a0670806560 : _c$11.95 |
||
| 040 |
_aDLC _cDLC _dDLC _beng |
||
| 050 | 0 | 0 |
_aPZ7.D3584 _bSi 1985 |
| 082 | 0 | 0 |
_a[Fic] _219 |
| 100 | 1 | _aDeClements, Barthe. | |
| 245 | 1 | 0 |
_a6th grade can really kill you / _cBarthe DeClements. |
| 260 |
_aNew York, N.Y., U.S.A. : _bViking Kestrel, _c1985. |
||
| 300 |
_a146 pages. ; _c20 cm. |
||
| 505 | _aR | ||
| 520 | _aHelen fears that lack of improvement in her reading may leave her stuck in the sixth grade forever, until a good teacher recognizes her reading problem. | ||
| 521 |
_a700
_bLexile |
||
| 521 |
_aR
_bRaz-plus |
||
| 650 | 1 |
_aSchools _xFiction. |
|
| 650 | 1 |
_aReading _xFiction. |
|
| 650 | 1 |
_aDyslexia _xFiction. |
|
| 650 | 1 |
_aTeacher-student relationships _xFiction. |
|
| 906 |
_a7 _bcbc _corignew _d1 _eocip _f19 _gy-gencatlg |
||
| 942 |
_2ddc _cBK _n0 |
||
| 999 |
_c1030 _d1030 |
||